000 00813nam a22002537a 4500
001 46213
003 UA-OsUOA
005 20210621144259.0
007 ta
008 20070611b un ||||| |||| 00| 0 ukr d
020 _a9789663881317
040 _aUA-OsUOA
_bukr
_cUA-OsUOA
_dUA-OsUOA
041 _aukr
080 _a81"27:651.4/9
090 _a81"27:651.4/9
_bП36
100 _aПізнюк Л. В.
245 _aЛінгвістичні основи документознавства
_bнавч. посіб.
260 _aК.
_bУ-т Україна
_c2007
300 _a355 с.
650 7 _a8 Мовознавство. Художня література. Літературознавство
_2UDC
942 _cBK
_2udc
955 _a2
999 _c332310
_d332310